| 000 | 00503nam a2200169Ia 4500 | ||
|---|---|---|---|
| 999 |
_c35250 _d35250 |
||
| 003 | OSt | ||
| 005 | 20201218104920.0 | ||
| 008 | 190216s9999||||xx |||||||||||||| ||und|| | ||
| 040 | _coclc | ||
| 082 |
_a423 _bWEB/W |
||
| 100 |
_aWebster, Merriam _96593 |
||
| 245 | 0 |
_aWebster`s Seventh New Collegiate Dictionary / _cMerriam Webster |
|
| 260 |
_bScientific Book Agency, _c1969. _aKolkata: |
||
| 300 | _a1219p | ||
| 650 | _aDictionaries | ||
| 942 |
_cREF _2ddc _h423 _iWEB/W _k423 _mWEB/W |
||